| 000 | 00982cam a2200229 4500 | ||
|---|---|---|---|
| 008 | 000000n2000 000 0 eng u | ||
| 020 | _a1902375432 | ||
| 035 | _a(Sirsi) u103522 | ||
| 050 | _a658.2 | ||
| 100 | _aDeakin, Mark | ||
| 245 | 4 | _aThe transition to property management | |
| 260 |
_aWitney _bChandos Publishing _c2000 |
||
| 300 | _aix,84p. ; 30cm. | ||
| 350 | _a59.95 | ||
| 520 | _aExamines the transition to property management. It outlines the underlying issues, considers the process of corporatisation and examines the financial instruments put in place for the strategic management of property. The development of computer-based information systems for the management of property is also looked at. The book was reprinted by Estates Gazette in 2002 (ISBN 072820388X). | ||
| 650 | _aCORPORATE PROPERTY | ||
| 650 | _aVALUE FOR MONEY | ||
| 650 | _aCORPORATE REAL ESTATE | ||
| 650 | _aASSET MANAGEMENT | ||
| 690 |
_aPROPERTY MANAGEMENT _96262 |
||
| 942 | _n0 | ||
| 999 |
_c100140 _d100140 |
||